Statistics for All By Myself - Céline Dion - All Lyrics

Click here to take the quiz!

General Stats

  • This quiz has been taken 54 times
  • The average score is 124 of 145

Answer Stats

Answer% Correct
All
100%
all
100%
By
100%
by
100%
myself
100%
myself,
100%
be
98%
I
95%
Oh
95%
When
95%
when
95%
anymore
93%
Don’t
93%
for
93%
just
93%
love
93%
wanna
93%
And
90%
and
90%
never,
90%
never
90%
was
90%
young
90%
anyone
88%
are
85%
fun
85%
needed
85%
the
85%
gone
83%
making
83%
days
78%
Those
78%
of
75%
to
75%
so
73%
I've
70%
live
65%
think
65%
But
60%
alone
55%
feel
55%
friends
55%
telephone
53%
dial
50%
home
50%
known
50%
Nobody’s
50%
insecure
45%
Livin'
45%
sure
45%
Sometimes
38%
Hard
35%
loves
35%
cure
30%
distant
30%
remains
28%
obscure
25%

Score Distribution

Percentile by Number Answered

Percent of People with Each Score

Your Score History

You have not taken this quiz